000 00736nam a22001697a 4500
005 20250829092643.0
008 240902b ||||| |||| 00| 0 eng d
082 _aDPer 372.05 El262 September-December 2019 v. 120 n. 1-2
100 _aQuinn, David M.
_eauthor.
_959709
245 _aExamining the racial attitudes of white pre-k-12 educators /
_cDavid M. Quinn, and Ashley M. Stewart.
260 _aGoldenrey ;
_bDirect Marketing Inc. ,
_cDecember 2019.
300 _avolume 120, pages 272-299 :
_billustration ;
_c26 cm.
500 _aThe elementary school journal, vol. 120, no. 2, pages 272-299, December 2019.
700 _aQuinn, David M.
_eauthor.
_959709
700 _aStewart, Ashley M.
_eauthor.
_959710
942 _2ddc
_cPER
999 _c21149
_d21149